000 01028cam a2200325 a 4500
001 17348590
003 OSt
005 20140310182430.0
008 120615s2012 moua b 001 0 eng
010 _a 2012418242
020 _a9789814371001
040 _aDLC
_cDLC
042 _apcc
050 _aRB 45
_b.R685 2012
100 _aRodak, Bernadette F.
_97790
245 0 0 _aHematology :
_bclinical principles and applications /
_c[edited by] Bernadette F. Rodak, George A. Fritsma, Elaine M. Keohane.
250 _a4th ed.
260 _aSt. Louis, Mo. :
_bElsevier Saunders,
_cc2012.
300 _axvi, 864 p. :
_bill. (some col.) ;
_c29 cm.
650 0 _aHematology.
_97791
650 0 _aBlood
_xAnalysis.
_97792
700 1 _aRodak, Bernadette F.
_97793
700 1 _aFritsma, George A.
_97794
700 1 _aKeohane, Elaine M.
_97795
906 _a7
_bcbc
_corigcop
_d3
_encip
_f20
_gy-gencatlg
942 _2lcc
_cSSLC
999 _c13340
_d13340